Kashmir battles of 1948-1965-1971 and on going freedom struggle / (Record no. 587187)

000 -LEADER
fixed length control field 01272nam a2200313 a 4500
001 - CONTROL NUMBER
control field 4468094
005 - DATE AND TIME OF LATEST TRANSACTION
control field 20211207145511.0
008 - FIXED-LENGTH DATA ELEMENTS--GENERAL INFORMATION
fixed length control field 961121s1995 pk ab b 000 0 eng
010 ## - LIBRARY OF CONGRESS CONTROL NUMBER
LC control number 95930853
025 ## - OVERSEAS ACQUISITION NUMBER
Overseas acquisition number P-E-95930853; 07
040 ## - CATALOGING SOURCE
Original cataloging agency DLC
Transcribing agency DLC
042 ## - AUTHENTICATION CODE
Authentication code lcode
043 ## - GEOGRAPHIC AREA CODE
Geographic area code a-ii---
-- a-pk---
050 00 - LIBRARY OF CONGRESS CALL NUMBER
Classification number DS485.K27
Item number H375 1995
082 00 - DEWEY DECIMAL CLASSIFICATION NUMBER
Classification number 954.604
Edition number 21
Author Mark HAR
100 1# - MAIN ENTRY--PERSONAL NAME
Personal name Haroon, Asif.
9 (RLIN) 85949
245 10 - TITLE STATEMENT
Title Kashmir battles of 1948-1965-1971 and on going freedom struggle /
Statement of responsibility, etc. Asif Haroon.
260 ## - PUBLICATION, DISTRIBUTION, ETC.
Place of publication, distribution, etc. Lahore :
Name of publisher, distributor, etc. Takhleeqat,
Date of publication, distribution, etc. 1995.
300 ## - PHYSICAL DESCRIPTION
Extent 334 p. :
Other physical details col. ill., maps ;
Dimensions 22 cm.
504 ## - BIBLIOGRAPHY, ETC. NOTE
Bibliography, etc. note Includes bibliographical references (p. 320-334).
650 #0 - SUBJECT ADDED ENTRY--TOPICAL TERM
Topical term or geographic name entry element India-Pakistan Conflict, 1947-1949
General subdivision Campaigns
Geographic subdivision India
-- Jammu and Kashmir.
9 (RLIN) 85950
650 #0 - SUBJECT ADDED ENTRY--TOPICAL TERM
Topical term or geographic name entry element India-Pakistan Conflict, 1965
General subdivision Campaigns
Geographic subdivision India
-- Jammu and Kashmir.
9 (RLIN) 85951
650 #0 - SUBJECT ADDED ENTRY--TOPICAL TERM
Topical term or geographic name entry element India-Pakistan Conflict, 1971
General subdivision Campaigns
Geographic subdivision India
-- Jammu and Kashmir.
9 (RLIN) 85952
651 #0 - SUBJECT ADDED ENTRY--GEOGRAPHIC NAME
Geographic name Jammu and Kashmir (India)
General subdivision History, Military
Chronological subdivision 20th century.
9 (RLIN) 85953
651 #0 - SUBJECT ADDED ENTRY--GEOGRAPHIC NAME
Geographic name Jammu and Kashmir (India)
General subdivision History
-- Autonomy and independence movements.
9 (RLIN) 85954
906 ## - LOCAL DATA ELEMENT F, LDF (RLIN)
a 7
b cbc
c origode
d 3
e ncip
f 19
g y-gencatlg
942 ## - ADDED ENTRY ELEMENTS (KOHA)
Source of classification or shelving scheme
Koha item type Book
Holdings
Withdrawn status Lost status Source of classification or shelving scheme Damaged status Not for loan Permanent Location Current Location Date acquired Total Checkouts Full call number Barcode Date last seen Price effective from Koha item type
          School of Civil and Environmental Engineering (SCEE) School of Civil and Environmental Engineering (SCEE) 12/07/2021   954.604 HAR NIT-13405 12/07/2021 12/07/2021 Book
© 2023 Central Library, National University of Sciences and Technology. All Rights Reserved.